000 01208cam a2200205 4500
001 WB3846-10
008 021212n2002 000 0 eng u
035 _a(Sirsi) u120752
245 _aRun down private sector housing examined
260 _c2002
490 _aRICS Residential Faculty News
_v 11 December 2002, (1)
520 _aThe Office of the Deputy Prime Minister has published 'Addressing the needs of run down private sector housing'' which is a final report and good practice guide on the problems of neighbourhoods with run down private sector housing. The full report is based on a major study undertaken by DTZ Pieda Consulting in response to growing recognition particularly in the north and the midlands of the need for significant action to tackle the problems of run down private sector housing as a major element of responding to low demand. For the RICS Residential Faculty News Release: http://www.rics.org/ricscms/bin/show?class=News&template=/includes/shownews.html&id=4417
590 _aWB
650 _aPRIVATE SECTOR HOUSING
650 _aSTRATEGY
650 _aGOOD PRACTICE GUIDE
650 _aOBSOLETE PROPERTY
690 _aHOUSING-PRIVATE RENTED SECTOR
942 _n0
999 _c71754
_d71754